<?xml version="1.0" encoding="UTF-8"?>
<record
    xmlns:xsi="http://www.w3.org/2001/XMLSchema-instance"
    xsi:schemaLocation="http://www.loc.gov/MARC21/slim http://www.loc.gov/standards/marcxml/schema/MARC21slim.xsd"
    xmlns="http://www.loc.gov/MARC21/slim">

  <leader>     nam a22     7a 4500</leader>
  <datafield tag="999" ind1=" " ind2=" ">
    <subfield code="c">49084</subfield>
    <subfield code="d">49084</subfield>
  </datafield>
  <controlfield tag="003">OSt</controlfield>
  <controlfield tag="005">20190923150237.0</controlfield>
  <controlfield tag="008">190923b        xxu||||| |||| 00| 0 eng d</controlfield>
  <datafield tag="040" ind1=" " ind2=" ">
    <subfield code="c">IIMT COLLEGE OF PHARMACY GREATER NOIDA</subfield>
  </datafield>
  <datafield tag="100" ind1=" " ind2=" ">
    <subfield code="a">TRIPATHI K.D.</subfield>
  </datafield>
  <datafield tag="245" ind1=" " ind2=" ">
    <subfield code="a">ESSENTIAL OF MEDICAL PHARMACOLOGY PHARMACOLOGY</subfield>
  </datafield>
  <datafield tag="260" ind1=" " ind2=" ">
    <subfield code="a">DELHI</subfield>
    <subfield code="b">JAYPEE</subfield>
    <subfield code="c">2019</subfield>
  </datafield>
  <datafield tag="300" ind1=" " ind2=" ">
    <subfield code="a">1064</subfield>
  </datafield>
  <datafield tag="942" ind1=" " ind2=" ">
    <subfield code="2">ddc</subfield>
    <subfield code="c">02</subfield>
  </datafield>
  <datafield tag="952" ind1=" " ind2=" ">
    <subfield code="0">0</subfield>
    <subfield code="1">0</subfield>
    <subfield code="2">ddc</subfield>
    <subfield code="4">0</subfield>
    <subfield code="7">0</subfield>
    <subfield code="a">12</subfield>
    <subfield code="b">12</subfield>
    <subfield code="d">2019-09-23</subfield>
    <subfield code="e">KIRTI</subfield>
    <subfield code="g">1395.00</subfield>
    <subfield code="i">IN4978 16/09/19</subfield>
    <subfield code="l">0</subfield>
    <subfield code="p">12-B-6057</subfield>
    <subfield code="r">2019-09-23</subfield>
    <subfield code="w">2019-09-23</subfield>
    <subfield code="y">02</subfield>
  </datafield>
  <datafield tag="952" ind1=" " ind2=" ">
    <subfield code="0">0</subfield>
    <subfield code="1">0</subfield>
    <subfield code="2">ddc</subfield>
    <subfield code="4">0</subfield>
    <subfield code="7">0</subfield>
    <subfield code="a">12</subfield>
    <subfield code="b">12</subfield>
    <subfield code="d">2019-09-23</subfield>
    <subfield code="e">KIRTI</subfield>
    <subfield code="g">1395.00</subfield>
    <subfield code="i">IN4978 16/09/19</subfield>
    <subfield code="l">5</subfield>
    <subfield code="p">12-B-6058</subfield>
    <subfield code="r">2025-07-30</subfield>
    <subfield code="s">2025-04-07</subfield>
    <subfield code="w">2019-09-23</subfield>
    <subfield code="y">02</subfield>
  </datafield>
  <datafield tag="952" ind1=" " ind2=" ">
    <subfield code="0">0</subfield>
    <subfield code="1">0</subfield>
    <subfield code="2">ddc</subfield>
    <subfield code="4">0</subfield>
    <subfield code="7">0</subfield>
    <subfield code="a">12</subfield>
    <subfield code="b">12</subfield>
    <subfield code="d">2019-09-23</subfield>
    <subfield code="e">KIRTI</subfield>
    <subfield code="g">1395.00</subfield>
    <subfield code="i">IN4978 16/09/19</subfield>
    <subfield code="l">4</subfield>
    <subfield code="p">12-B-6059</subfield>
    <subfield code="r">2025-08-02</subfield>
    <subfield code="s">2025-04-08</subfield>
    <subfield code="w">2019-09-23</subfield>
    <subfield code="y">02</subfield>
  </datafield>
  <datafield tag="952" ind1=" " ind2=" ">
    <subfield code="0">0</subfield>
    <subfield code="1">0</subfield>
    <subfield code="2">ddc</subfield>
    <subfield code="4">0</subfield>
    <subfield code="7">0</subfield>
    <subfield code="a">12</subfield>
    <subfield code="b">12</subfield>
    <subfield code="d">2019-09-23</subfield>
    <subfield code="e">KIRTI</subfield>
    <subfield code="g">1395.00</subfield>
    <subfield code="i">IN4978 16/09/19</subfield>
    <subfield code="l">6</subfield>
    <subfield code="p">12-B-6060</subfield>
    <subfield code="r">2025-09-29</subfield>
    <subfield code="s">2025-04-08</subfield>
    <subfield code="w">2019-09-23</subfield>
    <subfield code="y">02</subfield>
  </datafield>
  <datafield tag="952" ind1=" " ind2=" ">
    <subfield code="0">0</subfield>
    <subfield code="1">0</subfield>
    <subfield code="2">ddc</subfield>
    <subfield code="4">0</subfield>
    <subfield code="7">0</subfield>
    <subfield code="a">12</subfield>
    <subfield code="b">12</subfield>
    <subfield code="d">2019-09-23</subfield>
    <subfield code="e">KIRTI</subfield>
    <subfield code="g">1395.00</subfield>
    <subfield code="i">IN4978 16/09/19</subfield>
    <subfield code="l">8</subfield>
    <subfield code="p">12-B-6061</subfield>
    <subfield code="r">2025-08-02</subfield>
    <subfield code="s">2025-04-08</subfield>
    <subfield code="w">2019-09-23</subfield>
    <subfield code="y">02</subfield>
  </datafield>
  <datafield tag="952" ind1=" " ind2=" ">
    <subfield code="0">0</subfield>
    <subfield code="1">0</subfield>
    <subfield code="2">ddc</subfield>
    <subfield code="4">0</subfield>
    <subfield code="7">0</subfield>
    <subfield code="a">12</subfield>
    <subfield code="b">12</subfield>
    <subfield code="d">2019-09-23</subfield>
    <subfield code="e">KIRTI</subfield>
    <subfield code="g">1395.00</subfield>
    <subfield code="i">IN4978 16/09/19</subfield>
    <subfield code="l">5</subfield>
    <subfield code="p">12-B-6062</subfield>
    <subfield code="r">2025-07-31</subfield>
    <subfield code="s">2025-04-07</subfield>
    <subfield code="w">2019-09-23</subfield>
    <subfield code="y">02</subfield>
  </datafield>
  <datafield tag="952" ind1=" " ind2=" ">
    <subfield code="0">0</subfield>
    <subfield code="1">0</subfield>
    <subfield code="2">ddc</subfield>
    <subfield code="4">0</subfield>
    <subfield code="7">0</subfield>
    <subfield code="a">12</subfield>
    <subfield code="b">12</subfield>
    <subfield code="d">2019-09-23</subfield>
    <subfield code="e">KIRTI</subfield>
    <subfield code="g">1395.00</subfield>
    <subfield code="i">IN4978 16/09/19</subfield>
    <subfield code="l">14</subfield>
    <subfield code="p">12-B-6063</subfield>
    <subfield code="r">2025-06-25</subfield>
    <subfield code="s">2025-04-08</subfield>
    <subfield code="w">2019-09-23</subfield>
    <subfield code="y">02</subfield>
  </datafield>
  <datafield tag="952" ind1=" " ind2=" ">
    <subfield code="0">0</subfield>
    <subfield code="1">0</subfield>
    <subfield code="2">ddc</subfield>
    <subfield code="4">0</subfield>
    <subfield code="7">0</subfield>
    <subfield code="a">12</subfield>
    <subfield code="b">12</subfield>
    <subfield code="d">2019-09-23</subfield>
    <subfield code="e">KIRTI</subfield>
    <subfield code="g">1395.00</subfield>
    <subfield code="i">IN4978 16/09/19</subfield>
    <subfield code="l">9</subfield>
    <subfield code="p">12-B-6064</subfield>
    <subfield code="r">2025-06-25</subfield>
    <subfield code="s">2025-04-08</subfield>
    <subfield code="w">2019-09-23</subfield>
    <subfield code="y">02</subfield>
  </datafield>
  <datafield tag="952" ind1=" " ind2=" ">
    <subfield code="0">0</subfield>
    <subfield code="1">0</subfield>
    <subfield code="2">ddc</subfield>
    <subfield code="4">0</subfield>
    <subfield code="7">0</subfield>
    <subfield code="a">12</subfield>
    <subfield code="b">12</subfield>
    <subfield code="d">2019-09-23</subfield>
    <subfield code="e">KIRTI</subfield>
    <subfield code="g">1395.00</subfield>
    <subfield code="i">IN4978 16/09/19</subfield>
    <subfield code="l">7</subfield>
    <subfield code="p">12-B-6065</subfield>
    <subfield code="q">2026-07-31</subfield>
    <subfield code="r">2026-02-26</subfield>
    <subfield code="s">2026-02-26</subfield>
    <subfield code="w">2019-09-23</subfield>
    <subfield code="y">02</subfield>
  </datafield>
  <datafield tag="952" ind1=" " ind2=" ">
    <subfield code="0">0</subfield>
    <subfield code="1">0</subfield>
    <subfield code="2">ddc</subfield>
    <subfield code="4">0</subfield>
    <subfield code="7">0</subfield>
    <subfield code="a">12</subfield>
    <subfield code="b">12</subfield>
    <subfield code="d">2019-09-23</subfield>
    <subfield code="e">KIRTI</subfield>
    <subfield code="g">1395.00</subfield>
    <subfield code="i">IN4978 16/09/19</subfield>
    <subfield code="l">3</subfield>
    <subfield code="p">12-B-6066</subfield>
    <subfield code="r">2025-06-13</subfield>
    <subfield code="s">2025-03-25</subfield>
    <subfield code="w">2019-09-23</subfield>
    <subfield code="y">02</subfield>
  </datafield>
</record>
